000 00595nam a2200229Ia 4500
003 OSt
005 20220918205611.0
006 a|||||r|||| 00| 0
007 ta
008 220917b |||||||| |||| 00| 0 eng d
024 _a117,237
037 _cTextual
040 _aARTS
_cARTS
_beng
041 _2eng
_aeng
082 _aV6:1:N5, 122k3 9906)
100 _aKi Zebro J
_9115614
245 0 _aMonde African Norie Histoire et civilisation
260 _c1963
650 _aHISTORY
942 _hV6:1:N5, 122k3 9906)
_cTEXL
_2CC
999 _c240525
_d240525